Tendencie vývoja medzinárodného marketingového programu
Medzinárodný marketing, medzinárodný marketingový mix. Analýza vývoja názorov širokej autorskej verejnosti na klasifikáciu jednotlivých prvkov medzinárodného marketingového programu - marketingového mixu od jeho začiatkov až po súčasnosť.
Salvato in:
| Autore principale: | |
|---|---|
| Altri autori: | |
| Natura: | Capitolo di libro |
| Lingua: | slovacco |
| Soggetti: | |
| Tags: |
Nessun Tag, puoi essere il primo ad aggiungerne!!
|
MARC
| LEADER | 00000nla$a2200000$$$4500 | ||
|---|---|---|---|
| 001 | 0130266 | ||
| 005 | 20240502072506.6 | ||
| 041 | 0 | |a slo | |
| 044 | |a SK | ||
| 245 | 1 | 0 | |a Tendencie vývoja medzinárodného marketingového programu |c Otília Zorkóciová, Barbora Brynkusová |
| 520 | |a Medzinárodný marketing, medzinárodný marketingový mix. Analýza vývoja názorov širokej autorskej verejnosti na klasifikáciu jednotlivých prvkov medzinárodného marketingového programu - marketingového mixu od jeho začiatkov až po súčasnosť. | ||
| 610 | 2 | 0 | |a marketing medzinárodný |
| 610 | 2 | 0 | |a marketing mix |
| 610 | 2 | 0 | |a stratégia marketingová |
| 610 | 2 | 0 | |a modely |
| 610 | 2 | 0 | |a podnikanie |
| 610 | 2 | 0 | |a trh svetový |
| 100 | 1 | |a Zorkóciová, Otília, 1954- | |
| 700 | 1 | |a Brynkusová, Barbora | |